Cyclisme : Les vainqueurs de grand tour : mort subite - Statistiques

Statistiques générales
  • Ce quiz a été pris 233 fois
  • Le résultat moyen est 9 sur 14
Answers on the Grid
Answers color-coded by a green-red scale on the quiz's grid according to % correct below.
Adam Yates
Chris Froome
Joao Almeida
Nairo Quintana
Juan Ayuso
Simon Yates
Matteo Jorgenson
Sepp Kuss
Ilan van Wilder
Egan Bernal
Julian Alaphilippe
Enric Mas
Jonas Vingegaard
Aleksandr Zlasov
Jan Ullrich
Romain Bardet
Greg Lemond
Stephen Roche
Jai Hindley
Thibaut Pinot
Felix Gall
Ivan Basso
Remco Evenepoel
Richie Porte
Fabio Aru
David Gaudu
Wilco Kelderman
Robert Gesink
Sean Kelly
Paul Seixas
 
Statistiques - réponses
Réponse % Correct
Chris Froome
99%
Egan Bernal
82%
Jonas Vingegaard
81%
Nairo Quintana
70%
Simon Yates
69%
Sepp Kuss
68%
Greg Lemond
66%
Remco Evenepoel
65%
Jan Ullrich
63%
Jai Hindley
62%
Fabio Aru
57%
Stephen Roche
53%
Ivan Basso
47%
Sean Kelly
40%
Aucun quiz correspondant
Distribution des résultats
% des personnes avec chaque résultat
Percentile par nombre de réponses
Votre historique - résultats
Vous n’avez pas pris ce quiz